Normal view
MARC view
Entry Personal Name
001 - CONTROL NUMBER
- control field: 78626
003 - CONTROL NUMBER IDENTIFIER
- control field: OSt
005 - DATE AND TIME OF LATEST TRANSACTION
- control field: 20230328100607.0
008 - FIXED-LENGTH DATA ELEMENTS
- fixed length control field: 230328|| aca||aabn | a|a d
040 ## - CATALOGING SOURCE
- Original cataloging agency: OSt
- Transcribing agency: OSt
100 ## - HEADING--PERSONAL NAME
- Personal name: SOYINKA (Wole)
670 ## - SOURCE DATA FOUND
- Source citation: Work cat.: (OSt)156145: SOYINKA (Wole)., Myth literature and the African world., 1999